000 00708nam a2200289Ia 4500
005 20260324150256.0
008 008 260324s9999 xx 000 0 eng d
020 _a9780203181379
037 _aEBOOK
040 _aCRL
040 _beng
040 _cCRL
041 _2eng
041 _aeng
084 _qCRL
100 _aDonald Akenson
_91224998
245 4 _aThe Irish Education Experiment
245 4 _bThe National System of Education in the Nineteenth Century
260 _bTaylor and Francis
260 _c1970
365 _a
365 _b300
856 _uhttp://www.taylorfrancis.com/books/9780203181379
942 _cEBOOK
999 _c1835027
_d1835027